000 00557nam a2200229Ia 4500
003 OSt
005 20221005120118.0
006 a|||||r|||| 00| 0
007 ta
008 221004b |||||||| |||| 00| 0 urd d
024 _a122914
037 _cTextual
040 _aCRL
_cCRL
_burd
041 _2urd
_aurd
082 _aO168,1K83x, K6
100 _aMohammad Hasan
245 0 _aDeewan-e-aabru
260 _c1966
650 _aURDU POETRY
942 _hO168,1K83x, K6
_cTEXL
_2cc
999 _c1036914
_d1036914